Estações de Metro Lisboa - Statistics

Estatísticas Gerais
  • Esse quiz foi jogado 403 vezes
    313 desde o último reset
  • A pontuação média é 31 de 50
Estatísticas das Respostas
Linha Estação % Correto
Vermelha Aeroporto
84%
Amarela/Verde Campo Grande
83%
Azul/Verde Baixa-Chiado
82%
Amarela Campo Pequeno
79%
Vermelha Oriente
79%
Verde Cais do Sodré
78%
Amarela/Azul Marquês de Pombal
77%
Amarela Rato
74%
Amarela Entre Campos
72%
Verde/Vermelha Alameda
71%
Azul Colégio Militar/Luz
71%
Amarela/Vermelha Saldanha
71%
Azul/Vermelha S. Sebastião
71%
Azul Amadora Este
70%
Amarela Odivelas
69%
Azul Reboleira
69%
Azul Santa Apolónia
69%
Verde Rossio
68%
Amarela Cidade Universitária
67%
Vermelha Chelas
66%
Azul Jardim Zoológico
65%
Vermelha Olaias
63%
Verde Alvalade
62%
Verde Martim Moniz
61%
Azul Restauradores
61%
Azul Parque
60%
Verde Telheiras
60%
Amarela Terreiro do Paço
60%
Amarela Sr. Roubado
59%
Azul Avenida
58%
Azul Laranjeiras
58%
Verde Arroios
56%
Amarela Picoas
56%
Verde Areeiro
55%
Amarela Lumiar
54%
Vermelha Moscavide
54%
Verde Roma
54%
Verde Intendente
53%
Vermelha Olivais
53%
Vermelha Bela Vista
51%
Azul Praça de Espanha
49%
Verde Anjos
48%
Amarela Alto dos Moinhos
47%
Azul Carnide
47%
Amarela Quinta das Conchas
47%
Vermelha Cabo Ruivo
46%
Azul Pontinha
46%
Amarela Ameixoeira
44%
Vermelha Encarnação
44%
Azul Alfornelos
43%
Nenhum quiz correspondente encontrado
Distribuição das Pontuações
Porcentagem de Pessoas com Cada Pontuação
Percentil de Números Respondidos
Sua Pontuação Histórica
Você não jogou esse quiz desde o último reset